[Event "Manhem IM Swiss (Manhem 90 years)"]
[Site "?"]
[Date "1996.08.14"]
[Round "4"]
[White "Berg, Bo"]
[Black "Haveland, Bjorn"]
[Result "0-1"]
[WhiteElo "2090"]
[BlackElo "1855"]
[PlyCount "60"]
[EventDate "1996.08.12"]
[EventType "swiss"]
[EventRounds "9"]

1. g3 d5 2. Bg2 g6 3. c4 dxc4 4. Na3 Bg7 5. Nxc4 Nf6 6. b3 O-O 7. Bb2 c6 8. Nf3
Nbd7 9. O-O Nb6 10. Nce5 Nbd7 11. Nd3 Ne4 12. Bxg7 Kxg7 13. Nf4 Ndf6 14. Rc1
Qa5 15. Rc2 Ng5 16. Qa1 Nxf3+ 17. Bxf3 Bf5 18. e4 e5 19. b4 Qxb4 20. Qxe5 Bxe4
21. Rb2 Qa4 22. Bd1 Qa6 23. g4 h6 24. h4 Rae8 25. Qc3 Rh8 26. f3 Bd5 27. g5
hxg5 28. hxg5 Rh1+ 29. Kxh1 Qxf1+ 30. Kh2 Qf2+ 0-1

[Event "Manhem IM Swiss (Manhem 90 years)"]
[Site "?"]
[Date "1996.08.14"]
[Round "4"]
[White "Zolnierowicz, Krzystof"]
[Black "Liljedahl, Lennart"]
[Result "1-0"]
[WhiteElo "2360"]
[BlackElo "2320"]
[PlyCount "55"]
[EventDate "1996.08.12"]
[EventType "swiss"]
[EventRounds "9"]

1. Nf3 c5 2. e4 d6 3. Bc4 e6 4. Qe2 a6 5. a4 Nc6 6. O-O Nge7 7. d3 Ng6 8. Be3
Be7 9. d4 d5 10. exd5 exd5 11. Ba2 c4 12. b3 b5 13. axb5 axb5 14. bxc4 bxc4 15.
Nc3 O-O 16. Nxd5 Bg4 17. Qxc4 Qd6 18. Nxe7+ Ncxe7 19. Qc5 Qxc5 20. dxc5 Bxf3
21. gxf3 Nh4 22. f4 Rac8 23. Bb3 Rc6 24. Rfd1 Nhf5 25. Rd7 Nxe3 26. fxe3 Nc8
27. Rad1 Rxc5 28. Rxf7 1-0

[Event "Manhem IM Swiss (Manhem 90 years)"]
[Site "?"]
[Date "1996.08.14"]
[Round "4"]
[White "Hultin, Johan"]
[Black "Trolle, Gustav"]
[Result "1/2-1/2"]
[WhiteElo "2335"]
[BlackElo "2170"]
[PlyCount "53"]
[EventDate "1996.08.12"]
[EventType "swiss"]
[EventRounds "9"]

1. d4 d5 2. c4 e6 3. cxd5 exd5 4. Nc3 Nf6 5. Bg5 Be7 6. e3 h6 7. Bf4 c6 8. Bd3
Bd6 9. Bxd6 Qxd6 10. Nf3 O-O 11. h3 Re8 12. Qc2 Nbd7 13. O-O-O b5 14. Kb1 Bb7
15. Rc1 a6 16. g4 Rac8 17. Rhg1 c5 18. g5 Ne4 19. dxc5 Ndxc5 20. Nd4 hxg5 21.
Bxe4 Nxe4 22. Nxe4 dxe4 23. Qd2 Rxc1+ 24. Qxc1 Rc8 25. Qd1 Rc5 26. Qg4 g6 27.
h4 1/2-1/2

[Event "Manhem IM Swiss (Manhem 90 years)"]
[Site "?"]
[Date "1996.08.14"]
[Round "4"]
[White "Furhoff, Johan"]
[Black "Gdanski, Jacek"]
[Result "0-1"]
[WhiteElo "2330"]
[BlackElo "2485"]
[PlyCount "54"]
[EventDate "1996.08.12"]
[EventType "swiss"]
[EventRounds "9"]

1. e4 e6 2. d4 d5 3. Nc3 Bb4 4. Nge2 dxe4 5. a3 Be7 6. Nxe4 Nf6 7. N2c3 O-O 8.
Bc4 Nc6 9. Be3 Nxe4 10. Nxe4 f5 11. Nc5 f4 12. Nxe6 Bxe6 13. Bxe6+ Kh8 14. Bd2
Nxd4 15. Bc4 Bc5 16. Bc3 f3 17. g3 Qe7+ 18. Kf1 Rad8 19. Bd3 Ne2 20. Qd2 Nxc3
21. bxc3 Bxa3 22. Re1 Qf6 23. Re4 Bb2 24. c4 Bc3 25. Qe3 Qb6 26. Qxb6 cxb6 27.
h4 a5 0-1

[Event "Manhem IM Swiss (Manhem 90 years)"]
[Site "?"]
[Date "1996.08.14"]
[Round "4"]
[White "Elsness, Frode"]
[Black "Ronneland, Daniel"]
[Result "1-0"]
[WhiteElo "2350"]
[BlackElo "2190"]
[PlyCount "51"]
[EventDate "1996.08.12"]
[EventType "swiss"]
[EventRounds "9"]

1. d4 Nf6 2. c4 g6 3. Nc3 Bg7 4. e4 d6 5. f3 O-O 6. Bg5 Nc6 7. Nge2 a6 8. Qd2
Rb8 9. h4 b5 10. h5 bxc4 11. hxg6 fxg6 12. Nf4 Na5 13. O-O-O c6 14. g4 Qc7 15.
Ng2 c5 16. d5 Bxg4 17. Bxf6 Rxf6 18. fxg4 Rf3 19. Ne3 Bd4 20. Re1 Rb3 21. Ned1
Qb7 22. Rh3 Rf8 23. Qh6 e5 24. axb3 Nxb3+ 25. Kb1 Qc7 26. Bxc4 1-0

[Event "Manhem IM Swiss (Manhem 90 years)"]
[Site "?"]
[Date "1996.08.14"]
[Round "4"]
[White "Rychagov, Mikhail"]
[Black "Brynell, Stellan"]
[Result "1/2-1/2"]
[WhiteElo "2495"]
[BlackElo "2445"]
[PlyCount "39"]
[EventDate "1996.08.12"]
[EventType "swiss"]
[EventRounds "9"]

1. e4 e6 2. d4 d5 3. Nc3 Nf6 4. e5 Nfd7 5. f4 c5 6. Nf3 Nc6 7. Be3 cxd4 8. Nxd4
Bc5 9. Qd2 O-O 10. O-O-O a6 11. h4 Bxd4 12. Bxd4 b5 13. Rh3 b4 14. Na4 Nxd4 15.
Qxd4 f6 16. Qxb4 fxe5 17. Qd6 Qf6 18. f5 Qh6+ 19. Kb1 Nf6 20. Bd3 1/2-1/2

[Event "Manhem IM Swiss (Manhem 90 years)"]
[Site "?"]
[Date "1996.08.15"]
[Round "5"]
[White "Berg, Emanuel"]
[Black "Zolnierowicz, Krzystof"]
[Result "1/2-1/2"]
[WhiteElo "2215"]
[BlackElo "2360"]
[PlyCount "139"]
[EventDate "1996.08.12"]
[EventType "swiss"]
[EventRounds "9"]

1. e4 e5 2. Nf3 Nc6 3. d4 exd4 4. Nxd4 Bc5 5. Be3 Qf6 6. c3 Nge7 7. Bc4 O-O 8.
O-O Ne5 9. Be2 Qg6 10. Kh1 d6 11. f4 Qxe4 12. Nd2 Qxe3 13. Nc2 Ng4 14. Nxe3
Nxe3 15. Qa4 Nxf1 16. Rxf1 Nf5 17. Bd3 c6 18. Re1 Bd7 19. b4 Bb6 20. Qd1 Rfe8
21. Ne4 Re7 22. Ng5 Rxe1+ 23. Qxe1 Re8 24. Qb1 Re3 25. g3 g6 26. Kg2 h6 27. Ne4
Be6 28. c4 Bd4 29. Nd2 d5 30. c5 Bc3 31. Nf3 d4 32. Kf2 Bd5 33. Ne5 Re1 34.
Qxe1 Bxe1+ 35. Kxe1 Bxa2 36. Bxf5 gxf5 37. Nf3 d3 38. Kd2 Bc4 39. Nd4 h5 40.
Nxf5 b6 41. Ne7+ Kf8 42. Nxc6 bxc5 43. bxc5 Ke8 44. Ne5 Ba6 45. Nc6 Bc4 46. Kc3
a6 47. f5 Bb5 48. Nd4 Kd7 49. f6 Kc7 50. h3 Bd7 51. Kxd3 Bxh3 52. Kc4 Bg2 53.
Kb4 Be4 54. Kc4 Bg2 55. Kb3 Kb7 56. Ka4 Bc6+ 57. Ka5 Be4 58. Kb4 Bg2 59. Kc4
Be4 60. Kb4 Bg2 61. Kc4 Be4 62. Nb3 Kc7 63. Kd4 Bg2 64. Na5 Kd7 65. Ke5 Bh1 66.
Kf5 Bd5 67. Ke5 Ba2 68. Kf5 Bd5 69. Ke5 Ba2 70. Kf5 1/2-1/2

[Event "Manhem IM Swiss (Manhem 90 years)"]
[Site "?"]
[Date "1996.08.15"]
[Round "5"]
[White "Brynell, Stellan"]
[Black "Elsness, Frode"]
[Result "1-0"]
[WhiteElo "2445"]
[BlackElo "2350"]
[PlyCount "101"]
[EventDate "1996.08.12"]
[EventType "swiss"]
[EventRounds "9"]

1. e4 Nf6 2. e5 Nd5 3. d4 d6 4. c4 Nb6 5. exd6 exd6 6. Nc3 Be7 7. Be2 O-O 8.
Nf3 Re8 9. O-O Bf6 10. Be3 c6 11. h3 Bf5 12. Rc1 N8d7 13. Bf4 Nf8 14. Bg3 Ng6
15. Re1 d5 16. c5 Nd7 17. b4 Ndf8 18. b5 Be4 19. bxc6 bxc6 20. Qa4 Qd7 21. Nd2
Bf5 22. Nf3 Ne6 23. Bf1 Nef4 24. Rxe8+ Rxe8 25. Rd1 Ne6 26. Bd6 Ng5 27. Nxg5
Bxg5 28. Nxd5 Be4 29. Nc3 Qf5 30. Nxe4 Qxe4 31. Bd3 Qd5 32. Bc4 Qe4 33. Qxa7
Be7 34. Bg3 h5 35. f3 Qe3+ 36. Bf2 Qg5 37. Bf1 Nf4 38. h4 Qg6 39. Qd7 Kf8 40.
Re1 Nd5 41. Kh2 Rd8 42. Qb7 Bf6 43. Qb1 Qxb1 44. Rxb1 Nc3 45. Rb3 Nd1 46. Bg3
Rxd4 47. Be2 Bxh4 48. Bxh4 Rxh4+ 49. Kg1 Rd4 50. Kf1 Rd2 51. a4 1-0

[Event "Manhem IM Swiss (Manhem 90 years)"]
[Site "?"]
[Date "1996.08.15"]
[Round "5"]
[White "Furhoff, Johan"]
[Black "Arnelind, Mikael"]
[Result "1-0"]
[WhiteElo "2330"]
[BlackElo "2140"]
[PlyCount "81"]
[EventDate "1996.08.12"]
[EventType "swiss"]
[EventRounds "9"]

1. e4 e6 2. d4 d5 3. Nd2 c5 4. Ngf3 Nf6 5. e5 Ne4 6. Bd3 Nxd2 7. Bxd2 cxd4 8.
O-O Nc6 9. Re1 Be7 10. a3 O-O 11. b4 a6 12. g4 f6 13. c4 fxe5 14. cxd5 Rxf3 15.
Qxf3 exd5 16. Qg2 e4 17. Be2 Be6 18. f3 e3 19. Bc1 a5 20. b5 Ne5 21. Bb2 Qb6
22. Rad1 Bc5 23. f4 Nc4 24. Ba1 Nd2 25. Bd3 Qd6 26. f5 Bf7 27. Rxd2 exd2 28.
Qxd2 Bxa3 29. Bxd4 Bc5 30. Qf2 b6 31. Kg2 Bxd4 32. Qxd4 Rc8 33. g5 Qc5 34. Qh4
Qd6 35. f6 Bg6 36. Bxg6 hxg6 37. fxg7 Kxg7 38. Qh6+ Kg8 39. Qh3 Rc2+ 40. Kh1 d4
41. Qb3+ 1-0

[Event "Manhem IM Swiss (Manhem 90 years)"]
[Site "?"]
[Date "1996.08.15"]
[Round "5"]
[White "Andersson, Goran"]
[Black "Tonning, Erik"]
[Result "0-1"]
[WhiteElo "2205"]
[BlackElo "2205"]
[PlyCount "82"]
[EventDate "1996.08.12"]
[EventType "swiss"]
[EventRounds "9"]

1. e4 d5 2. exd5 Nf6 3. d4 Bg4 4. Bb5+ Nbd7 5. f3 Bf5 6. c4 a6 7. Bxd7+ Qxd7 8.
Ne2 O-O-O 9. O-O e6 10. dxe6 Qxe6 11. b3 Bc5 12. Bb2 Rhe8 13. Rf2 g5 14. Nbc3
Ba7 15. Qd2 h6 16. Raf1 Nd7 17. Ne4 Bh7 18. Kh1 f5 19. N4c3 f4 20. Nc1 Qd6 21.
N3e2 Re3 22. Re1 Rde8 23. Rff1 Qe7 24. Bc3 Qf7 25. d5 g4 26. Bd4 gxf3 27. Rxf3
Rxf3 28. gxf3 Ne5 29. Ng1 Bxd4 30. Qxd4 Qf5 31. c5 Qg5 32. d6 Rg8 33. Qf2 Bg6
34. Rd1 Be8 35. Nd3 Bc6 36. Nxe5 Qxe5 37. Qd4 Qf5 38. Rd2 Qg6 39. d7+ Kd8 40.
h3 Qf5 41. Rg2 Bxf3 0-1

[Event "Manhem IM Swiss (Manhem 90 years)"]
[Site "?"]
[Date "1996.08.15"]
[Round "5"]
[White "Ivanov, Michail"]
[Black "Hultin, Johan"]
[Result "0-1"]
[WhiteElo "2465"]
[BlackElo "2335"]
[PlyCount "80"]
[EventDate "1996.08.12"]
[EventType "swiss"]
[EventRounds "9"]

1. d4 Nf6 2. c4 e6 3. g3 d5 4. Nf3 dxc4 5. Bg2 Nc6 6. O-O Rb8 7. Nc3 Bb4 8. Ne5
Nxe5 9. dxe5 Qxd1 10. Rxd1 Nd7 11. Bf4 Bxc3 12. bxc3 Nb6 13. a4 a5 14. Be3 Bd7
15. Bxb6 cxb6 16. Rd6 Ke7 17. Rxb6 Rhc8 18. Rxb7 Rxb7 19. Bxb7 Rb8 20. Ba6 Rb3
21. Bxc4 Rxc3 22. Bd3 Rb3 23. Ra2 Rb4 24. Bc2 Kd8 25. Kf1 Kc7 26. Ke1 Kc6 27.
Kd2 Kc5 28. e3 Bc6 29. f4 Be4 30. Bxe4 Rxe4 31. Kd3 Rc4 32. g4 g5 33. fxg5 Rxg4
34. Rf2 Rxg5 35. Rxf7 h5 36. Rb7 Rxe5 37. e4 Kc6 38. Re7 Kd6 39. Ra7 Rg5 40.
Ra6+ Ke7 {Black won. unclear how.} 0-1

[Event "Manhem IM Swiss (Manhem 90 years)"]
[Site "?"]
[Date "1996.08.15"]
[Round "5"]
[White "Trolle, Gustav"]
[Black "Nei, Iivo"]
[Result "0-1"]
[WhiteElo "2170"]
[BlackElo "2380"]
[PlyCount "80"]
[EventDate "1996.08.12"]
[EventType "swiss"]
[EventRounds "9"]

1. e4 c5 2. Nf3 d6 3. d4 cxd4 4. Nxd4 Nf6 5. Nc3 a6 6. f4 e6 7. a4 b6 8. Be2
Bb7 9. Bf3 Qc7 10. O-O Nbd7 11. Nb3 Be7 12. Be3 O-O 13. Kh1 Rac8 14. Re1 Qb8
15. Bf2 Qa8 16. Qd3 Rfd8 17. Rad1 g6 18. Qe2 Re8 19. Nd2 Bf8 20. Qf1 Qb8 21. e5
Nd5 22. Nxd5 exd5 23. Bg4 Rc7 24. e6 Nf6 25. exf7+ Kxf7 26. Rxe8 Qxe8 27. Re1
Re7 28. Rxe7+ Bxe7 29. Bd1 Qxa4 30. Bxb6 Qb4 31. Be3 d4 32. c3 dxc3 33. bxc3
Qxc3 34. Qc4+ Nd5 35. Qxc3 Nxc3 36. Bb3+ Bd5 37. Bd4 Bxb3 38. Bxc3 Bd5 39. Nf1
Bf6 40. Bd2 Be4 0-1

[Event "Manhem IM Swiss (Manhem 90 years)"]
[Site "?"]
[Date "1996.08.15"]
[Round "5"]
[White "Hellsten, Johan"]
[Black "Laveryd, Peter"]
[Result "0-1"]
[WhiteElo "2490"]
[BlackElo "2310"]
[PlyCount "74"]
[EventDate "1996.08.12"]
[EventType "swiss"]
[EventRounds "9"]

1. Nf3 b5 2. g3 Bb7 3. Bg2 e6 4. O-O Nf6 5. d4 c5 6. Bg5 cxd4 7. Nxd4 Bxg2 8.
Kxg2 a6 9. e4 h6 10. Bxf6 Qxf6 11. f4 Bc5 12. e5 Qg6 13. f5 exf5 14. Nxf5 O-O
15. Nc3 Re8 16. Qd5 Qc6 17. Rae1 Bb4 18. Re4 Bxc3 19. Nxh6+ Kh7 20. Qxc6 Nxc6
21. Nxf7 Bd2 22. Rh4+ Bh6 23. Nxh6 gxh6 24. Rf6 Nxe5 25. Rhxh6+ Kg7 26. Rxa6
Rac8 27. c3 Rc4 28. Rh5 Re4 29. Rg5+ Kf7 30. Rf5+ Ke7 31. h4 Rg8 32. h5 d6 33.
h6 Re2+ 34. Kf1 Rh2 35. Kg1 Rh3 36. h7 Rgxg3+ 37. Kf1 Ke6 0-1

[Event "Manhem IM Swiss (Manhem 90 years)"]
[Site "?"]
[Date "1996.08.15"]
[Round "5"]
[White "Ronneland, Daniel"]
[Black "Gullaksen, Eirik"]
[Result "1/2-1/2"]
[WhiteElo "2190"]
[BlackElo "2325"]
[PlyCount "70"]
[EventDate "1996.08.12"]
[EventType "swiss"]
[EventRounds "9"]

1. d4 Nf6 2. c4 c5 3. d5 b5 4. cxb5 a6 5. f3 d6 6. e4 g6 7. Na3 Bg7 8. Ne2 O-O
9. Nc3 Nbd7 10. Be3 Ne8 11. Be2 Nc7 12. O-O Rb8 13. Rb1 f5 14. Qd2 fxe4 15.
fxe4 Ne5 16. h3 Rxf1+ 17. Rxf1 Qe8 18. bxa6 Bxa6 19. b3 Ra8 20. Nab1 Bf6 21.
Bxa6 Rxa6 22. Ne2 Qb5 23. Nbc3 Qb4 24. Bg5 Bg7 25. Bxe7 Nb5 26. Bf6 Bxf6 27.
Rxf6 Kg7 28. Rf2 Ra8 29. Qg5 Nxc3 30. Nf4 Qb7 31. Ne6+ Kg8 32. Qf6 Qf7 33. Qh4
Qd7 34. Qf6 Qf7 35. Qh4 Qd7 1/2-1/2

[Event "Manhem IM Swiss (Manhem 90 years)"]
[Site "?"]
[Date "1996.08.15"]
[Round "5"]
[White "Liljedahl, Lennart"]
[Black "Lahlum, Hans Olav"]
[Result "1-0"]
[WhiteElo "2320"]
[BlackElo "2230"]
[PlyCount "59"]
[EventDate "1996.08.12"]
[EventType "swiss"]
[EventRounds "9"]

1. e4 e6 2. d4 d5 3. exd5 exd5 4. Nf3 Bd6 5. c4 c6 6. c5 Bc7 7. Bd3 Nf6 8. O-O
O-O 9. Re1 Bg4 10. Bg5 Nbd7 11. Nbd2 Re8 12. Rxe8+ Qxe8 13. Qb3 b6 14. Re1 Qb8
15. cxb6 axb6 16. a3 c5 17. Bb5 c4 18. Qe3 h6 19. Bh4 Bf4 20. Qc3 Qd6 21. Ne5
Re8 22. Bxf6 gxf6 23. Ndxc4 dxc4 24. Nxg4 Rxe1+ 25. Qxe1 h5 26. Qe8+ Nf8 27.
Bxc4 Qc7 28. Nxf6+ Kg7 29. Nxh5+ Kg6 30. Qxf7+ 1-0

[Event "Manhem IM Swiss (Manhem 90 years)"]
[Site "?"]
[Date "1996.08.15"]
[Round "5"]
[White "Moberg, Karl Johan"]
[Black "Backlund, Anders"]
[Result "1/2-1/2"]
[WhiteElo "2390"]
[BlackElo "2190"]
[PlyCount "50"]
[EventDate "1996.08.12"]
[EventType "swiss"]
[EventRounds "9"]

1. e4 e6 2. d4 d5 3. Nd2 Nf6 4. e5 Nfd7 5. f4 c5 6. c3 Nc6 7. Ndf3 f5 8. Bd3
cxd4 9. cxd4 Be7 10. Ne2 Nb6 11. O-O O-O 12. h3 a5 13. g4 a4 14. Nc3 Bd7 15.
Be3 Nb4 16. Bb1 Be8 17. a3 Nc6 18. gxf5 exf5 19. Nd2 Na5 20. Bd3 Rc8 21. Qf3
Rc6 22. Rf2 Rh6 23. Rg2 Kh8 24. Qg3 Rg6 25. Qh2 Rh6 1/2-1/2

[Event "Manhem IM Swiss (Manhem 90 years)"]
[Site "?"]
[Date "1996.08.15"]
[Round "5"]
[White "Vark, Liina"]
[Black "Berg, Bo"]
[Result "1/2-1/2"]
[WhiteElo "2040"]
[BlackElo "2090"]
[PlyCount "50"]
[EventDate "1996.08.12"]
[EventType "swiss"]
[EventRounds "9"]

1. d4 g6 2. c4 Bg7 3. Nf3 a6 4. g3 b5 5. Bg2 Bb7 6. O-O bxc4 7. Qa4 Nf6 8. Qxc4
O-O 9. Nc3 d6 10. Bf4 Nbd7 11. Qd3 c5 12. d5 Nb6 13. Nd2 a5 14. Rfe1 Ne8 15.
Rac1 Nc7 16. Ndb1 Ba6 17. Qc2 Bc4 18. Rcd1 Na6 19. b3 Nb4 20. Qd2 a4 21. bxc4
Nxc4 22. Qc1 a3 23. Bh6 Nb2 24. Bxg7 Kxg7 25. Rd2 Nc4 1/2-1/2

[Event "Manhem IM Swiss (Manhem 90 years)"]
[Site "?"]
[Date "1996.08.15"]
[Round "5"]
[White "Ingbrandt, Johan"]
[Black "Wallace, John Paul"]
[Result "1-0"]
[WhiteElo "2355"]
[BlackElo "2365"]
[PlyCount "43"]
[EventDate "1996.08.12"]
[EventType "swiss"]
[EventRounds "9"]

1. d4 Nf6 2. c4 g6 3. Nc3 Bg7 4. Nf3 O-O 5. Bg5 c5 6. d5 h6 7. Bh4 Qa5 8. Nd2
a6 9. e4 d6 10. Be2 b5 11. Qc2 Nbd7 12. f4 bxc4 13. Nxc4 Qc7 14. O-O a5 15. e5
dxe5 16. fxe5 Nh7 17. Bxe7 Re8 18. d6 Qb8 19. e6 Ndf6 20. exf7+ Kxf7 21. Ne5+
Kg8 22. Bc4+ 1-0

[Event "Manhem IM Swiss (Manhem 90 years)"]
[Site "?"]
[Date "1996.08.15"]
[Round "5"]
[White "Haveland, Bjorn"]
[Black "Pisulinski, Jan"]
[Result "1/2-1/2"]
[WhiteElo "1855"]
[BlackElo "2400"]
[PlyCount "40"]
[EventDate "1996.08.12"]
[EventType "swiss"]
[EventRounds "9"]

1. e4 c5 2. Nc3 Nc6 3. g3 g6 4. Bg2 Bg7 5. d3 d6 6. f4 e6 7. Nf3 Nge7 8. Be3
O-O 9. O-O Nd4 10. e5 Nef5 11. Bf2 Nxf3+ 12. Qxf3 Nd4 13. Qd1 d5 14. Na4 b6 15.
b4 Qe8 16. c3 Bd7 17. Nb2 Nb5 18. bxc5 Nxc3 19. Qd2 Na4 20. Nxa4 Bxa4 1/2-1/2

[Event "Manhem IM Swiss (Manhem 90 years)"]
[Site "?"]
[Date "1996.08.15"]
[Round "5"]
[White "Gdanski, Jacek"]
[Black "Rychagov, Mikhail"]
[Result "1/2-1/2"]
[WhiteElo "2485"]
[BlackElo "2495"]
[PlyCount "25"]
[EventDate "1996.08.12"]
[EventType "swiss"]
[EventRounds "9"]

1. e4 c5 2. Nc3 Nc6 3. Nge2 Nf6 4. d4 cxd4 5. Nxd4 d6 6. Bg5 e6 7. Qd2 a6 8.
O-O-O h6 9. Be3 Be7 10. f3 Nxd4 11. Qxd4 b5 12. e5 dxe5 13. Qxe5 1/2-1/2

[Event "Manhem IM Swiss (Manhem 90 years)"]
[Site "?"]
[Date "1996.08.15"]
[Round "6"]
[White "Laveryd, Peter"]
[Black "Rychagov, Mikhail"]
[Result "0-1"]
[WhiteElo "2310"]
[BlackElo "2495"]
[PlyCount "132"]
[EventDate "1996.08.12"]
[EventType "swiss"]
[EventRounds "9"]

1. e4 c5 2. Nc3 Nc6 3. f4 g6 4. Nf3 Bg7 5. Bc4 e6 6. f5 Nge7 7. fxe6 dxe6 8.
O-O O-O 9. d3 Na5 10. Bb3 b6 11. Qe1 Nec6 12. Bg5 f6 13. Be3 Nxb3 14. axb3 Bb7
15. Qh4 e5 16. Bh6 Nd4 17. Rf2 Qd7 18. Nd1 f5 19. Ng5 Bxh6 20. Qxh6 fxe4 21.
dxe4 Rxf2 22. Nxf2 Rf8 23. Ng4 Bxe4 24. Nxe5 Qb7 25. Re1 Bxg2 26. h3 Bh1 27.
Qxh7+ Qxh7 28. Nxh7 Kxh7 29. Kxh1 Nxc2 30. Rd1 Nd4 31. b4 Rf5 32. bxc5 bxc5 33.
Nc4 Rf2 34. Rd2 Rf3 35. b4 Rxh3+ 36. Kg2 Rc3 37. Ne5 Nb5 38. bxc5 Rxc5 39. Ng4
Rc7 40. Ra2 Kg7 41. Ra6 Re7 42. Kg3 Nd4 43. Kf4 Ne6+ 44. Kg3 Ng5 45. Kf4 Nf7
46. Rc6 Rd7 47. Ra6 Rb7 48. Ke4 g5 49. Kf5 Rb4 50. Rxa7 Rf4+ 51. Ke6 Rxg4 52.
Rxf7+ Kg6 53. Rf6+ Kh5 54. Rf1 Rf4 55. Rh1+ Rh4 56. Rf1 Rh2 57. Kf5 Kh4 58. Rg1
Rf2+ 59. Kg6 g4 60. Rh1+ Kg3 61. Kg5 Ra2 62. Rg1+ Kh3 63. Rb1 g3 64. Rh1+ Kg2
65. Rh8 Ra4 66. Ra8 Rxa8 0-1

[Event "Manhem IM Swiss (Manhem 90 years)"]
[Site "?"]
[Date "1996.08.15"]
[Round "6"]
[White "Rambo, Jan"]
[Black "Berg, Bo"]
[Result "0-1"]
[WhiteElo "1790"]
[BlackElo "2090"]
[PlyCount "132"]
[EventDate "1996.08.12"]
[EventType "swiss"]
[EventRounds "9"]

1. c4 f5 2. g3 Nf6 3. Bg2 c6 4. d4 e6 5. Nf3 Na6 6. O-O Be7 7. b3 O-O 8. Bb2
Qe8 9. Ne5 Nc7 10. Nd2 d6 11. Nd3 Qg6 12. f3 d5 13. e4 fxe4 14. Nf4 Qh6 15.
fxe4 g5 16. Nd3 Bd7 17. Ne5 Be8 18. Qe2 Qg7 19. a3 a5 20. Rae1 Bd8 21. a4 Na6
22. Ng4 Nb4 23. Nxf6+ Bxf6 24. Nf3 Bh5 25. e5 Be7 26. Bc3 h6 27. Ra1 Rf7 28.
Bxb4 Bxb4 29. cxd5 cxd5 30. Qe3 b6 31. Rac1 Ba3 32. Rc6 Re7 33. Ra1 Be8 34. Rc2
Bg6 35. Rc6 Be8 36. Rc2 Qg6 37. Ne1 Bb4 38. Nd3 b5 39. axb5 Rb8 40. Nxb4 axb4
41. Rc5 Bxb5 42. Bf1 Bxf1 43. Rxf1 Ra7 44. Qf2 g4 45. Qf6 Qxf6 46. Rxf6 Ra1+
47. Kg2 Ra2+ 48. Kg1 Rba8 49. Rg6+ Kh7 50. Rxg4 Rb2 51. Rc7+ Kh8 52. Rc1 h5 53.
Rf4 Rxb3 54. Kg2 Rc3 55. Rcf1 Rg8 56. Rf7 Rg7 57. Rf8+ Kh7 58. Rb8 h4 59. Rf3
h3+ 60. Kf2 Rc2+ 61. Kg1 Rgc7 62. Rf1 Rb2 63. Rb6 b3 64. Kh1 Rf2 65. Kg1 Rg2+
66. Kh1 b2 0-1

[Event "Manhem IM Swiss (Manhem 90 years)"]
[Site "?"]
[Date "1996.08.15"]
[Round "6"]
[White "Nei, Iivo"]
[Black "Ingbrandt, Johan"]
[Result "0-1"]
[WhiteElo "2380"]
[BlackElo "2355"]
[PlyCount "116"]
[EventDate "1996.08.12"]
[EventType "swiss"]
[EventRounds "9"]

1. c4 e6 2. Nc3 b6 3. Nf3 Bb7 4. g3 Nf6 5. Bg2 Be7 6. O-O O-O 7. Re1 d5 8. cxd5
exd5 9. d4 Na6 10. b3 c5 11. Bb2 Re8 12. Rc1 Ne4 13. dxc5 Nxc3 14. Bxc3 bxc5
15. e3 Bf6 16. Qd2 Qb6 17. Red1 Bxc3 18. Rxc3 Rad8 19. Rcc1 h6 20. Qc3 Rc8 21.
Qd2 Nc7 22. Ne1 Ne6 23. h4 Rcd8 24. Qe2 d4 25. e4 d3 26. Rxd3 Nd4 27. Qd1 Ba6
28. Kh1 Bxd3 29. Qxd3 Ne6 30. Qc3 Qb4 31. Kh2 Qxc3 32. Rxc3 Rd2 33. Nd3 Rxa2
34. Bh3 Rd8 35. Kg2 Ra5 36. Bxe6 fxe6 37. Nxc5 Rc8 38. b4 Rb5 39. Rd3 Rxb4 40.
Nxe6 Rxe4 41. Nf4 Ra8 42. Rd7 Rxf4 43. gxf4 a5 44. Rd3 a4 45. Ra3 h5 46. Kf3
Kf7 47. Ke4 Ke6 48. f5+ Kf6 49. Kf4 Ra6 50. Ke4 Ra5 51. f3 Ra8 52. Kf4 Ra6 53.
Ke4 Ra5 54. Kf4 Rxf5+ 55. Ke4 Ra5 56. Kf4 g6 57. Ke4 Ke6 58. Kf4 Kd6 0-1

[Event "Manhem IM Swiss (Manhem 90 years)"]
[Site "?"]
[Date "1996.08.15"]
[Round "6"]
[White "Trolle, Gustav"]
[Black "Liljedahl, Lennart"]
[Result "0-1"]
[WhiteElo "2170"]
[BlackElo "2320"]
[PlyCount "92"]
[EventDate "1996.08.12"]
[EventType "swiss"]
[EventRounds "9"]

1. e4 c6 2. d4 d5 3. exd5 cxd5 4. Nf3 Nf6 5. h3 Nc6 6. c3 a6 7. Bd3 e6 8. O-O
Bd6 9. Nbd2 Qc7 10. Qe2 Nh5 11. Nb3 Nf4 12. Bxf4 Bxf4 13. Rae1 Bd6 14. Bb1 Bd7
15. Ng5 Be7 16. f4 g6 17. Nc1 Nd8 18. Bd3 b5 19. a3 Qb6 20. h4 h6 21. Nf3 Rg8
22. h5 Nc6 23. hxg6 f5 24. Bc2 O-O-O 25. Nd3 Rxg6 26. Nfe5 Nxe5 27. Nxe5 Rg7
28. Qe3 Rdg8 29. Re2 Be8 30. Qh3 h5 31. Nf3 Rg3 32. Qh2 R3g4 33. Rfe1 Bd7 34.
Qxh5 Bf6 35. Qf7 Qd8 36. Nh2 R4g7 37. Qh5 Rh8 38. Qf3 Bh4 39. Rd1 Bg3 40. Nf1
Qh4 41. Nxg3 Rxg3 42. Qf1 Rhg8 43. Rd3 R3g4 44. Rf3 Qh6 45. Bd3 Rh4 46. Kf2 Rh1
0-1

[Event "Manhem IM Swiss (Manhem 90 years)"]
[Site "?"]
[Date "1996.08.15"]
[Round "6"]
[White "Elsness, Frode"]
[Black "Gdanski, Jacek"]
[Result "1/2-1/2"]
[WhiteElo "2350"]
[BlackElo "2485"]
[PlyCount "90"]
[EventDate "1996.08.12"]
[EventType "swiss"]
[EventRounds "9"]

1. d4 Nf6 2. c4 c5 3. d5 d6 4. Nc3 g6 5. e4 Bg7 6. f3 O-O 7. Bg5 e6 8. Qd2 exd5
9. cxd5 a6 10. Nge2 b5 11. a4 b4 12. Nd1 h6 13. Be3 Nbd7 14. Ng3 h5 15. Be2 h4
16. Nf1 Nh7 17. Bh6 f5 18. Bxg7 Kxg7 19. exf5 gxf5 20. Nfe3 f4 21. Ng4 Qg5 22.
Ndf2 Ndf6 23. Rd1 Bxg4 24. fxg4 h3 25. gxh3 Qh4 26. O-O Ng5 27. Rde1 Rae8 28.
Bd1 Nfe4 29. Nxe4 Nxe4 30. Qg2 Ng5 31. Rxe8 Nxh3+ 32. Kh1 Rxe8 33. Be2 a5 34.
Rf3 Re3 35. Bf1 Ng5 36. Rxf4 Qe1 37. Qf2 Qxf2 38. Rxf2 Ne4 39. Re2 Rxe2 40.
Bxe2 Nd2 41. Kg2 c4 42. Kf2 c3 43. bxc3 Ne4+ 44. Ke1 Nxc3 45. Bd1 Nxd1 1/2-1/2

[Event "Manhem IM Swiss (Manhem 90 years)"]
[Site "?"]
[Date "1996.08.15"]
[Round "6"]
[White "Zolnierowicz, Krzystof"]
[Black "Ronneland, Daniel"]
[Result "1-0"]
[WhiteElo "2360"]
[BlackElo "2190"]
[PlyCount "84"]
[EventDate "1996.08.12"]
[EventType "swiss"]
[EventRounds "9"]

1. e4 c5 2. Nf3 Nc6 3. Bb5 g6 4. O-O Bg7 5. c3 Nf6 6. Re1 O-O 7. h3 h6 8. Qe2
a6 9. Bxc6 dxc6 10. d4 cxd4 11. cxd4 Qc7 12. Nc3 Nd7 13. Be3 e5 14. Rad1 exd4
15. Bxd4 Ne5 16. Bxe5 Bxe5 17. Nxe5 Qxe5 18. Qe3 g5 19. Qb6 Be6 20. Rd2 Rab8
21. Red1 Kg7 22. a3 Rfc8 23. Na4 c5 24. Rd6 c4 25. Nc3 Rc6 26. Qb4 a5 27. Qb5
Qxb5 28. Nxb5 Kf6 29. R6d2 Ke7 30. Kf1 a4 31. Ke2 Rc5 32. Nc3 b5 33. Na2 c3 34.
Nxc3 b4 35. axb4 Rxb4 36. Ra1 Bb3 37. Ke3 Rbc4 38. Rd4 Rxc3+ 39. bxc3 Rxc3+ 40.
Rd3 Rc4 41. g3 Bc2 42. Rd4 Rc6 1-0

[Event "Manhem IM Swiss (Manhem 90 years)"]
[Site "?"]
[Date "1996.08.15"]
[Round "6"]
[White "Backlund, Anders"]
[Black "Ivanov, Michail"]
[Result "1/2-1/2"]
[WhiteElo "2190"]
[BlackElo "2465"]
[PlyCount "83"]
[EventDate "1996.08.12"]
[EventType "swiss"]
[EventRounds "9"]

1. e4 g6 2. d4 Bg7 3. Nc3 d6 4. Be3 a6 5. a4 b6 6. Nf3 Bb7 7. Bc4 e6 8. O-O Ne7
9. Qd2 h6 10. d5 e5 11. Ne1 Nd7 12. f4 exf4 13. Bxf4 Ne5 14. Bb3 g5 15. Bg3
N7g6 16. Nd3 h5 17. Nd1 h4 18. Bxe5 Nxe5 19. Ne3 Bc8 20. Nf5 Bxf5 21. Rxf5 Qe7
22. Raf1 Nxd3 23. cxd3 Bd4+ 24. Kh1 f6 25. Bd1 Qg7 26. Bg4 O-O 27. Qb4 Be5 28.
d4 Bf4 29. Qe1 Qh6 30. Kg1 Kg7 31. Qc3 Rf7 32. e5 dxe5 33. dxe5 Bxe5 34. Rxe5
fxe5 35. Qxe5+ Kf8 36. Rxf7+ Kxf7 37. Be6+ Kf8 38. Qxc7 Qg7 39. Qd6+ Qe7 40.
Qe5 Qc5+ 41. Kf1 Qc4+ 42. Ke1 1/2-1/2